000 00999nam a22002297a 4500
005 20121010141910.0
008 121010t xxu||||| |||| 00| 0 mar d
010 _aMAR-22658
020 _a9788172948429
_c70.00
035 _aMR-15316
037 _bDBAD/PUB
040 _aDPL
_bMR
082 _a523.1
100 _953016
_aगवांदे, पुंडलिक
245 _aअंतराळातील मोहिमा /
_cपुंडलिक गवांदे
246 _aAntaralatil Mohima
_bby Pundalik Gavande
260 _aपुणे
_bदिलीपराज प्रकाशन
_c2012
270 _a251 क, शनिवार पेठ
_bपुणे
_e411030
300 _a84पृ.
_c21सेमी(अजिल्द)
942 _2ddc
_cMR
_h523.1
_mगवांदे
999 _c70798
_d70798